000 00277nam a2200109Ia 4500
008 200302s9999 xx 000 0 und d
100 _aWalter Dietl & Others
245 _aPortraits of three Val Venosta Architects
260 _bSpringer Wien, NY
260 _c2008
300 _a309
999 _c4470
_d4470